000 00461nam a2200181Ia 4500
001 24665
005 20260414151058.0
008 260414t2010||||xx |||||||||||||| ||spa||
041 _aESP
082 _a345.721
_bLL756
100 _aLlopis-Llombart, Marco de Benito
_eAUT
245 0 _aEl convenio arbitral :
_bsu eficacia obligatoria
260 _c2010
300 _a259 páginas :
_c22 cm.
650 _aDER
654 _aCDE
942 _cLIB
_dJUS
_fJUS
_2ddc
_n
999 _c24665
_d24665